[Event "Maplewood inv."]
[Site "Waterloo, QC CAN"]
[Date "2024.07.25"]
[Round "9.4"]
[White "Gutierrez, Re"]
[Black "Atanasov, Anthony"]
[Result "0-1"]
[WhiteElo "2198"]
[BlackElo "2407"]
[PlyCount "132"]
[EventDate "2024.07.20"]
[EventType "tourn"]
[EventRounds "9"]
[EventCountry "CAN"]
[EventCategory "10"]
[Source "Mark Crowther"]
[SourceDate "2024.07.29"]

1. e4 c5 2. g3 Nc6 3. Bg2 d6 4. f4 g6 5. Nf3 Bg7 6. O-O e6 7. a4 Nge7 8. d3 b6
9. c3 O-O 10. Na3 Qd7 11. Re1 Bb7 12. Be3 Rad8 13. Bf2 Na5 14. Qc2 Rc8 15. Rad1
Kh8 16. Nc4 Nxc4 17. dxc4 Qc7 18. Re2 Rcd8 19. Red2 Kg8 20. Re1 h6 21. Rde2 Rd7
22. Nh4 Ba6 23. b3 d5 24. exd5 exd5 25. Bh3 dxc4 26. b4 Rfd8 27. Bxd7 Rxd7 28.
bxc5 Bb7 29. cxb6 axb6 30. Kf1 Bf6 31. Bd4 Bxh4 32. gxh4 Qxf4+ 33. Rf2 Qxh4 34.
Re3 Rxd4 35. cxd4 Bd5 36. Qe2 Nc6 37. Re8+ Kg7 38. Qe3 Qh5 39. Ke1 Nb4 40. Qe5+
Qxe5+ 41. Rxe5 Nd3+ 42. Ke2 Nxe5 43. dxe5 Bc6 44. Rf6 Bxa4 45. Rxb6 Bd7 46. Ke3
Be6 47. Kd4 g5 48. Rb1 Kg6 49. Rf1 g4 50. Ke4 Kg5 51. Rf2 h5 52. Rf1 h4 53. Rg1
g3 54. hxg3 h3 55. g4 Kh4 56. Kf4 h2 57. Ra1 Bd5 58. Ra6 Kh3 59. Ra3+ Kg2 60.
Ra2+ Kh3 61. Ra3+ Kh4 62. Ra6 Be6 63. Ra8 Bxg4 64. e6 h1=Q 65. Rh8+ Bh5 66. e7
Qf3+ 0-1

[Event "Titled Tuesday 2024.07.30 Early"]
[Site "chess.com INT"]
[Date "2024.07.30"]
[Round "1"]
[White "Reprintsev, A."]
[Black "Atanasov, Anthony"]
[Result "1-0"]
[WhiteElo "2230"]
[BlackElo "2407"]
[PlyCount "71"]
[EventDate "2024.07.30"]
[EventType "swiss (blitz)"]
[EventRounds "11"]
[EventCountry "NET"]
[Source "Mark Crowther"]
[SourceDate "2024.08.05"]

1. e4 e5 2. f4 exf4 3. Bc4 d5 4. Bxd5 Nf6 5. Nc3 Nxd5 6. Nxd5 Bd6 7. d4 O-O 8.
e5 Qh4+ 9. Kf1 c6 10. Nxf4 Bc7 11. Nf3 Qd8 12. Kf2 Nd7 13. Re1 Nb6 14. Qd3 Be6
15. b3 Qd7 16. c4 Rad8 17. Bb2 Qc8 18. Rad1 Bf5 19. Qe3 h6 20. h3 Rfe8 21. g4
Bh7 22. Nh5 Qe6 23. Nh4 Nd7 24. Nf4 Qe7 25. Nf5 Bxf5 26. gxf5 Nxe5 27. dxe5 Bb6
28. Bd4 Rxd4 29. Rxd4 Rd8 30. Red1 Qh4+ 31. Kg2 Qg5+ 32. Kh2 Rxd4 33. Rxd4 Qxf5
34. c5 Bxc5 35. Rd8+ Kh7 36. Qd3 1-0

[Event "Titled Tuesday 2024.08.06 Early"]
[Site "chess.com INT"]
[Date "2024.08.06"]
[Round "1"]
[White "Gatterer, F."]
[Black "Atanasov, Anthony"]
[Result "0-1"]
[WhiteElo "2170"]
[BlackElo "2396"]
[PlyCount "80"]
[EventDate "2024.08.06"]
[EventType "swiss (blitz)"]
[EventRounds "11"]
[EventCountry "NET"]
[Source "Mark Crowther"]
[SourceDate "2024.08.12"]

1. d4 Nf6 2. Bf4 Nh5 3. Bc1 d5 4. e4 g6 5. e5 c5 6. c3 Nc6 7. Be2 Ng7 8. h3 Ne6
9. Nf3 Qb6 10. dxc5 Qxc5 11. O-O Bg7 12. Nbd2 Nxe5 13. Nb3 Qc6 14. Nfd4 Qc7 15.
Bb5+ Nc6 16. Qf3 O-O 17. Qxd5 Nexd4 18. Nxd4 Nxd4 19. cxd4 Rd8 20. Qc5 Qd6 21.
Qxd6 Rxd6 22. Be3 Bxd4 23. Rad1 Bxe3 24. fxe3 Be6 25. Rxd6 exd6 26. Rc1 Rc8 27.
Rxc8+ Bxc8 28. Kf2 Kg7 29. a3 Kf6 30. e4 Ke5 31. Ke3 g5 32. Bf1 h5 33. g3 h4
34. g4 Be6 35. Bg2 Bc4 36. b4 b6 37. Bf3 Bf1 38. Be2 Bxe2 39. Kxe2 Kxe4 40. Kf2
d5 0-1

[Event "Titled Tuesday 2024.08.06 Early"]
[Site "chess.com INT"]
[Date "2024.08.06"]
[Round "2"]
[White "Atanasov, Anthony"]
[Black "Janaszak, Daw"]
[Result "0-1"]
[WhiteElo "2396"]
[BlackElo "2308"]
[PlyCount "76"]
[EventDate "2024.08.06"]
[EventType "swiss (blitz)"]
[EventRounds "11"]
[EventCountry "NET"]
[Source "Mark Crowther"]
[SourceDate "2024.08.12"]

1. e4 e6 2. d4 d5 3. exd5 exd5 4. Nf3 Bd6 5. Bd3 Nc6 6. O-O Nge7 7. Nc3 Bg4 8.
Nb5 a6 9. Nxd6+ Qxd6 10. c3 h6 11. b4 O-O 12. a4 Qf6 13. Ba3 Rfe8 14. Re1 Ng6
15. Rxe8+ Rxe8 16. h3 Bxf3 17. Qxf3 Qxf3 18. gxf3 Nf4 19. Bf1 Ne2+ 20. Bxe2
Rxe2 21. b5 Na5 22. Kf1 Rc2 23. Re1 Nc4 24. Bb4 a5 25. Re8+ Kh7 26. Bc5 b6 27.
Bf8 Rxc3 28. Rc8 Kg6 29. Kg1 Nd2 30. Bd6 Nxf3+ 31. Kg2 Nh4+ 32. Kh2 Nf5 33.
Rxc7 Rf3 34. Rc6 Rxf2+ 35. Kg1 Ra2 36. Rxb6 Rxa4 37. Ra6 Kh5 38. Be5 f6 0-1

[Event "Abu Dhabi Masters Online"]
[Site "chess.com INT"]
[Date "2024.08.21"]
[Round "1"]
[White "Atanasov, Anthony"]
[Black "Stojanovski, Sa"]
[Result "1-0"]
[WhiteElo "2396"]
[BlackElo "2169"]
[PlyCount "37"]
[EventDate "2024.08.21"]
[EventType "swiss (blitz)"]
[EventRounds "11"]
[EventCountry "UAE"]
[Source "Mark Crowther"]
[SourceDate "2024.08.26"]

1. d4 Nf6 2. Bf4 e6 3. e3 d5 4. Nf3 Bd6 5. Nbd2 Bxf4 6. exf4 O-O 7. g3 b6 8. h4
c5 9. h5 h6 10. Ne5 cxd4 11. Ndf3 Ba6 12. Qxd4 Bxf1 13. Kxf1 Qc7 14. g4 Qc5 15.
g5 Ne4 16. gxh6 gxh6 17. Rg1+ Kh7 18. Nd7 Nd2+ 19. Ke2 1-0

[Event "Abu Dhabi Masters Online"]
[Site "chess.com INT"]
[Date "2024.08.21"]
[Round "2"]
[White "Golubev, M."]
[Black "Atanasov, Anthony"]
[Result "0-1"]
[WhiteElo "2461"]
[BlackElo "2396"]
[PlyCount "58"]
[EventDate "2024.08.21"]
[EventType "swiss (blitz)"]
[EventRounds "11"]
[EventCountry "UAE"]
[Source "Mark Crowther"]
[SourceDate "2024.08.26"]

1. e4 e5 2. Nf3 Nf6 3. Nc3 Nc6 4. d4 Bb4 5. Nxe5 Bxc3+ 6. bxc3 Qe7 7. Bd3 Nxe5
8. dxe5 Qxe5 9. O-O b6 10. f4 Qc5+ 11. Kh1 Bb7 12. Qe1 O-O-O 13. e5 Qc6 14. Rf3
Ne4 15. a4 Qxc3 16. Qxc3 Nxc3 17. Rg3 Ne4 18. Rxg7 Rhg8 19. Rxg8 Rxg8 20. Bf1
Nf2+ 21. Kg1 Nh3+ 22. Kh1 Rg4 23. a5 Nf2+ 24. Kg1 Nh3+ 25. Kh1 Nxf4 26. h3 Nxh3
27. axb6 axb6 28. Be3 Nf4 29. Ra4 Rh4+ 0-1

[Event "Abu Dhabi Masters Online"]
[Site "chess.com INT"]
[Date "2024.08.21"]
[Round "3"]
[White "Atanasov, Anthony"]
[Black "Kravtsiv, M."]
[Result "0-1"]
[WhiteElo "2396"]
[BlackElo "2598"]
[PlyCount "122"]
[EventDate "2024.08.21"]
[EventType "swiss (blitz)"]
[EventRounds "11"]
[EventCountry "UAE"]
[Source "Mark Crowther"]
[SourceDate "2024.08.26"]

1. d4 d5 2. Bf4 Nf6 3. e3 e6 4. Nf3 Bd6 5. Nbd2 b6 6. c3 Bb7 7. Bd3 c5 8. Qa4+
Bc6 9. Qc2 Qc7 10. Bxd6 Qxd6 11. Ne5 g6 12. Qd1 Nbd7 13. f4 O-O 14. Qf3 Nh5 15.
g4 Ng7 16. g5 f6 17. gxf6 Nxf6 18. Rg1 Rac8 19. Qg2 Be8 20. Ndf3 a5 21. Ng5
cxd4 22. exd4 Nfh5 23. Nh3 Nxf4 24. Nxf4 Rxf4 25. Qg5 Qf8 26. O-O-O Qf6 27. Qg3
Rxd4 28. Rdf1 Nf5 29. Qe1 Rh4 30. Ng4 Qd8 31. Qxe6+ Bf7 32. Nf6+ Kg7 33. Nh5+
Rxh5 34. Qe5+ Qf6 35. Rxf5 Rxf5 36. Qxf5 Qxf5 37. Bxf5 Re8 38. Kd2 Re5 39. Bd3
Be6 40. b4 axb4 41. cxb4 d4 42. a4 Bb3 43. Ra1 Rh5 44. a5 Rxh2+ 45. Be2 Bc4 46.
Re1 bxa5 47. bxa5 d3 48. a6 Bxa6 49. Kc3 Rxe2 50. Ra1 Re6 51. Kd2 Rc6 52. Ke3
h5 53. Kf4 Rd6 54. Kg3 d2 55. Rd1 Be2 56. Rb1 Rd3+ 57. Kh4 d1=Q 58. Rb7+ Rd7
59. Rb4 Qe1+ 60. Kg5 Qg3+ 61. Rg4 Qxg4# 0-1

[Event "Abu Dhabi Masters Online"]
[Site "chess.com INT"]
[Date "2024.08.21"]
[Round "4"]
[White "Anuj, Shrivatri"]
[Black "Atanasov, Anthony"]
[Result "0-1"]
[WhiteElo "2400"]
[BlackElo "2396"]
[PlyCount "132"]
[EventDate "2024.08.21"]
[EventType "swiss (blitz)"]
[EventRounds "11"]
[EventCountry "UAE"]
[Source "Mark Crowther"]
[SourceDate "2024.08.26"]

1. e4 e5 2. Nf3 Nf6 3. Nxe5 d6 4. Nf3 Nxe4 5. d4 d5 6. Bd3 Bd6 7. O-O O-O 8. c4
c6 9. Re1 Bf5 10. Qb3 Qd7 11. Be3 Re8 12. Nbd2 Na6 13. a3 Nxd2 14. Nxd2 Bxd3
15. Qxd3 dxc4 16. Nxc4 Nc7 17. Bd2 Nd5 18. Ne5 Qc7 19. Nf3 h6 20. h3 a5 21. Re4
Rxe4 22. Qxe4 Nf6 23. Qf5 a4 24. Bxh6 Ra5 25. Ne5 Bxe5 26. dxe5 Rxe5 27. Bf4
Rxf5 28. Bxc7 Rb5 29. Rb1 Nd5 30. Be5 f6 31. Bd4 c5 32. Be3 Nc3 33. Re1 Rxb2
34. Bxc5 b6 35. Bb4 Ne2+ 36. Kf1 Nf4 37. Rd1 Kf7 38. Rd4 Rb1+ 39. Be1 g5 40. g3
Nxh3 41. Rxa4 f5 42. Rb4 Ra1 43. Rxb6 g4 44. Rb3 Ng5 45. Re3 Nf3 46. a4 Rxa4
47. Ke2 Ra2+ 48. Kd3 Kg6 49. Bc3 Rxf2 50. Re6+ Kh5 51. Rf6 Ng5 52. Rf8 Rf3+ 53.
Kc4 Ne4 54. Be5 Kg6 55. Kd5 Rd3+ 56. Ke6 Nc5+ 57. Ke7 Rd7+ 58. Ke8 Rh7 59. Rf6+
Kg5 60. Rc6 Ne4 61. Bf4+ Kh5 62. Kf8 Ng5 63. Kg8 Rd7 64. Rc8 Ne6 65. Be3 Kg6
66. Rc6 Rd8# 0-1

[Event "Abu Dhabi Masters Online"]
[Site "chess.com INT"]
[Date "2024.08.21"]
[Round "5"]
[White "Atanasov, Anthony"]
[Black "Atakhan, Abtin"]
[Result "1-0"]
[WhiteElo "2396"]
[BlackElo "2412"]
[PlyCount "87"]
[EventDate "2024.08.21"]
[EventType "swiss (blitz)"]
[EventRounds "11"]
[EventCountry "UAE"]
[Source "Mark Crowther"]
[SourceDate "2024.08.26"]

1. d4 Nf6 2. Bf4 g6 3. e3 Bg7 4. Nf3 d6 5. h3 O-O 6. Be2 Nc6 7. O-O Nd7 8. Bh2
e5 9. c3 f5 10. a4 a5 11. Na3 g5 12. dxe5 dxe5 13. Qb3+ Kh8 14. Rad1 Qe7 15.
Nb5 Nc5 16. Qa3 g4 17. hxg4 fxg4 18. Ng5 b6 19. Ne4 Nxe4 20. Qxe7 Nxe7 21. Nxc7
Ra7 22. Nb5 Rd7 23. Bxg4 Rxd1 24. Bxd1 Bd7 25. Bc2 Nc5 26. Rd1 Bxb5 27. axb5
Nc8 28. b4 axb4 29. cxb4 Nb7 30. Rd7 Ncd6 31. Rc7 Rc8 32. Rc6 Bf6 33. Be4 Ra8
34. f3 Ra1+ 35. Kf2 Nxe4+ 36. fxe4 Bh4+ 37. Kf3 Rf1+ 38. Kg4 Bd8 39. Bxe5+ Kg8
40. Rc8 Rf7 41. Bd4 Re7 42. e5 Kf7 43. Kf5 Rd7 44. e6+ 1-0

[Event "Abu Dhabi Masters Online"]
[Site "chess.com INT"]
[Date "2024.08.21"]
[Round "6"]
[White "Vakhlamov, I."]
[Black "Atanasov, Anthony"]
[Result "0-1"]
[WhiteElo "2413"]
[BlackElo "2396"]
[PlyCount "106"]
[EventDate "2024.08.21"]
[EventType "swiss (blitz)"]
[EventRounds "11"]
[EventCountry "UAE"]
[Source "Mark Crowther"]
[SourceDate "2024.08.26"]

1. e4 e5 2. Nf3 Nf6 3. Nc3 Nc6 4. Bb5 Nd4 5. Nxd4 exd4 6. e5 dxc3 7. exf6 Qxf6
8. dxc3 Bc5 9. O-O O-O 10. a4 a5 11. Bd3 h6 12. Qg4 d5 13. Qf4 Qb6 14. Rb1 Bd6
15. Qh4 Re8 16. Bxh6 gxh6 17. Qxh6 Re4 18. Qg5+ Kf8 19. Bxe4 dxe4 20. Rfe1 Be7
21. Qe5 Qh6 22. Rxe4 Bd6 23. Qe8+ Kg7 24. g3 Bf5 25. Qxa8 Bxe4 26. Re1 Bc6 27.
Qxa5 Qh3 28. Qg5+ Kh7 29. Qh4+ Qxh4 30. gxh4 Bxa4 31. b3 Bc6 32. Rd1 Kh6 33.
Rd4 Kh5 34. b4 f5 35. h3 Be4 36. c4 Bxb4 37. Rd7 Bd6 38. c5 Bf4 39. c3 Kxh4 40.
Rh7+ Kg5 41. Kf1 Be5 42. Ke2 f4 43. Rd7 Bc6 44. Re7 Kf6 45. Rh7 Kg6 46. Re7 Bf6
47. Rxc7 Bxc3 48. Rc8 Bd4 49. Rg8+ Kf5 50. Rf8+ Kg5 51. Rg8+ Kf5 52. Rf8+ Ke5
53. Re8+ Bxe8 0-1

[Event "Abu Dhabi Masters Online"]
[Site "chess.com INT"]
[Date "2024.08.21"]
[Round "7"]
[White "Atanasov, Anthony"]
[Black "Jumabayev, R."]
[Result "1-0"]
[WhiteElo "2396"]
[BlackElo "2577"]
[PlyCount "59"]
[EventDate "2024.08.21"]
[EventType "swiss (blitz)"]
[EventRounds "11"]
[EventCountry "UAE"]
[Source "Mark Crowther"]
[SourceDate "2024.08.26"]

1. d4 Nf6 2. Bf4 e6 3. Nd2 c5 4. e3 cxd4 5. exd4 Be7 6. Ngf3 O-O 7. c3 b6 8. a4
Ba6 9. Bb5 Qc8 10. O-O Nd5 11. Bg3 Nc7 12. Bxc7 Qxc7 13. Bxa6 Nxa6 14. a5 b5
15. Qe2 Qb7 16. Ne5 d6 17. Nd3 Rac8 18. Rfe1 b4 19. c4 Bf6 20. Ne4 Qe7 21. c5
dxc5 22. dxc5 Bd4 23. Nd6 Rcd8 24. Nf5 Qd7 25. Nxd4 Qxd4 26. Ne5 Nb8 27. c6 Qd6
28. Rac1 Qc7 29. Qb5 Rd5 30. Qxb4 1-0

[Event "Abu Dhabi Masters Online"]
[Site "chess.com INT"]
[Date "2024.08.21"]
[Round "8"]
[White "Fawzy, Adham"]
[Black "Atanasov, Anthony"]
[Result "1-0"]
[WhiteElo "2507"]
[BlackElo "2396"]
[PlyCount "159"]
[EventDate "2024.08.21"]
[EventType "swiss (blitz)"]
[EventRounds "11"]
[EventCountry "UAE"]
[Source "Mark Crowther"]
[SourceDate "2024.08.26"]

1. e4 e5 2. Nf3 Nf6 3. Nxe5 d6 4. Nc4 Nxe4 5. Qe2 Qe7 6. Ne3 Nc6 7. c3 Be6 8.
d4 d5 9. Nd2 Nxd2 10. Bxd2 O-O-O 11. Qf3 g6 12. Bb5 Qd7 13. O-O-O h5 14. h3 Kb8
15. Bd3 Bh6 16. Rhe1 f5 17. Nf1 Bg7 18. Qg3 Bf7 19. Nh2 h4 20. Qg5 Rh5 21. Qf4
Bh6 22. Qf3 Bxd2+ 23. Rxd2 Re8 24. Rde2 Rhh8 25. Qf4 a5 26. Nf3 Rxe2 27. Rxe2
Qd8 28. Qg5 Qd6 29. Bb5 a4 30. Bxc6 Qxc6 31. Ne5 Qa6 32. Nxf7 Qxe2 33. Nxh8
Qe1+ 34. Kc2 Qxf2+ 35. Qd2 Qf1 36. Nf7 Qc4 37. Kb1 Qf1+ 38. Kc2 Qc4 39. b3
axb3+ 40. axb3 Qa6 41. Kb2 Qf1 42. Ne5 g5 43. Qxg5 Qe2+ 44. Ka3 Qa6+ 45. Kb2
Qe2+ 46. Kc1 Qe1+ 47. Kc2 Qe4+ 48. Kd2 f4 49. Nf3 Qe3+ 50. Kc2 Qe4+ 51. Kb2
Qe2+ 52. Ka3 Qa6+ 53. Kb2 Qe2+ 54. Kc1 Qe3+ 55. Kd1 Qd3+ 56. Nd2 Qxc3 57. Qxf4
Qa1+ 58. Ke2 Qg1 59. Qg4 b6 60. Qg8+ Ka7 61. Qxd5 Qa1 62. Qc4 Kb8 63. Qg8+ Ka7
64. Qg7 Kb8 65. Qh8+ Kb7 66. Qxh4 Qh1 67. Qe4+ Kb8 68. Qf3 Qa1 69. Qe3 Qh1 70.
Kf2 Qd1 71. h4 Qg4 72. Nf3 Qf5 73. Kg3 Qf6 74. Qe5 Qg6+ 75. Qg5 Qc2 76. h5 Qxb3
77. h6 Qc2 78. Qg8+ Ka7 79. h7 Qc1 80. h8=Q 1-0

[Event "Abu Dhabi Masters Online"]
[Site "chess.com INT"]
[Date "2024.08.21"]
[Round "9"]
[White "Atanasov, Anthony"]
[Black "Harshavardhan, G B."]
[Result "1-0"]
[WhiteElo "2396"]
[BlackElo "2401"]
[PlyCount "141"]
[EventDate "2024.08.21"]
[EventType "swiss (blitz)"]
[EventRounds "11"]
[EventCountry "UAE"]
[Source "Mark Crowther"]
[SourceDate "2024.08.26"]

1. d4 Nf6 2. Nf3 e6 3. Bf4 c5 4. e3 Nc6 5. Nbd2 h6 6. h3 d5 7. a3 Bd6 8. dxc5
Bxc5 9. c4 O-O 10. b4 Be7 11. Bd3 b6 12. O-O Bb7 13. Rc1 Rc8 14. Qe2 Qd7 15.
Rfd1 Rfd8 16. Bg3 Qe8 17. cxd5 exd5 18. Ba6 Bxa6 19. Qxa6 Ne4 20. Nf1 Bf6 21.
b5 Na5 22. Bc7 Rd7 23. Be5 Rxc1 24. Rxc1 Bxe5 25. Nxe5 Rd8 26. Nc6 Ra8 27. Nxa5
bxa5 28. Qxa5 Qe5 29. Rc2 Rb8 30. a4 Rb7 31. Qd8+ Kh7 32. Rc8 Qb2 33. Qg8+ Kg6
34. Rc6+ f6 35. Qxd5 Qxf2+ 36. Kh2 Re7 37. Qd1 Kh7 38. Qf3 Qh4 39. Qf5+ g6 40.
Qf4 Qxf4+ 41. exf4 Kg7 42. Ne3 f5 43. Nd5 Re8 44. a5 Rd8 45. Nc7 Rd2 46. b6
axb6 47. axb6 Rb2 48. Ne6+ Kf7 49. Nd4 Rb4 50. Nf3 g5 51. Ne5+ Kg7 52. fxg5
hxg5 53. Rg6+ Kh7 54. Re6 f4 55. Ng4 Ng3 56. Re7+ Kg6 57. Re6+ Kf7 58. Rf6+ Kg7
59. h4 Rb1 60. Nf2 Rb2 61. Ng4 Rb1 62. Nf2 Nf1+ 63. Kh3 Rb3+ 64. Kg4 Rg3+ 65.
Kf5 Rxg2 66. Rg6+ Kh7 67. Ne4 Ne3+ 68. Kf6 Rb2 69. Nxg5+ Kh8 70. Nf7+ Kh7 71.
Rg7# 1-0

[Event "Abu Dhabi Masters Online"]
[Site "chess.com INT"]
[Date "2024.08.21"]
[Round "10"]
[White "Atanasov, Anthony"]
[Black "Vasquez Schroeder, R."]
[Result "0-1"]
[WhiteElo "2396"]
[BlackElo "2457"]
[PlyCount "120"]
[EventDate "2024.08.21"]
[EventType "swiss (blitz)"]
[EventRounds "11"]
[EventCountry "UAE"]
[Source "Mark Crowther"]
[SourceDate "2024.08.26"]

1. d4 Nf6 2. Bf4 d6 3. Nf3 Nbd7 4. Nc3 c5 5. d5 b5 6. e4 b4 7. Nb1 Nxe4 8. Bd3
Nef6 9. O-O Nb6 10. c4 g6 11. Re1 Bg7 12. Nbd2 O-O 13. Qe2 Re8 14. Ne4 Bg4 15.
Rab1 Nxe4 16. Bxe4 Na4 17. h3 Bxf3 18. Bxf3 a5 19. Bg5 Bf6 20. h4 Nb6 21. Qd3
Ra7 22. Re3 Nd7 23. Qe2 Ne5 24. a4 e6 25. dxe6 fxe6 26. Rd1 Bxg5 27. Rxe5 Bxh4
28. Rxe6 Rae7 29. Bd5 Rxe6 30. Bxe6+ Kg7 31. Qg4 h5 32. Qh3 Qf6 33. g3 Bxg3 34.
Qxg3 Rxe6 35. b3 Re5 36. Kf1 Kh6 37. Qg2 Qe6 38. Qg3 Kh7 39. Qf3 Qe7 40. Qg3
Re6 41. Qf3 Kg7 42. Qg3 Rf6 43. Qg2 Qe6 44. Qb7+ Kh6 45. Qg2 Qf5 46. Re1 Qd3+
47. Kg1 Rf5 48. Qa8 Rg5+ 49. Kh2 Rf5 50. Qh8+ Kg5 51. Rg1+ Kh4 52. Qd8+ g5 53.
Rg2 Qf3 54. Qe7 Qf4+ 55. Kh1 Re5 56. Qd7 Re1+ 57. Rg1 Qf3+ 58. Kh2 Qxf2+ 59.
Rg2 Qf4+ 60. Rg3 Qxg3# 0-1

[Event "Titled Tuesday 2024.08.27 Early"]
[Site "chess.com INT"]
[Date "2024.08.27"]
[Round "1"]
[White "Atanasov, Anthony"]
[Black "Reprintsev, A."]
[Result "0-1"]
[WhiteElo "2396"]
[BlackElo "2230"]
[PlyCount "132"]
[EventDate "2024.08.27"]
[EventType "swiss (blitz)"]
[EventRounds "11"]
[EventCountry "NET"]
[Source "Mark Crowther"]
[SourceDate "2024.09.02"]

1. e4 d5 2. exd5 Qxd5 3. Nc3 Qd6 4. d4 c6 5. Bc4 Be6 6. Bxe6 Qxe6+ 7. Nge2 Nf6
8. O-O Nbd7 9. Re1 Nb6 10. Bg5 Qf5 11. Bh4 e6 12. Ng3 Qg4 13. Bxf6 Qxd1 14.
Raxd1 gxf6 15. Nce4 Be7 16. b3 f5 17. Nc5 O-O-O 18. Nxf5 Bxc5 19. dxc5 Rxd1 20.
Rxd1 exf5 21. cxb6 axb6 22. f3 Re8 23. Kf2 b5 24. Rd4 h6 25. a4 bxa4 26. Rxa4
Kd7 27. Rh4 Re6 28. Rh5 Rf6 29. Ke3 Re6+ 30. Kd3 Rd6+ 31. Kc3 Rf6 32. g3 f4 33.
g4 Re6 34. Kd4 Re3 35. Rxh6 Rxf3 36. h4 Rf2 37. Kd3 Rg2 38. g5 f3 39. Rf6 f2
40. Rxf7+ Ke6 41. Rf6+ Ke5 42. Ke3 Rh2 43. Rxf2 Rxh4 44. Rf7 Rh3+ 45. Kd2 b5
46. Rf6 c5 47. Rb6 b4 48. g6 Rg3 49. Ke2 Kd4 50. Kd2 Rg2+ 51. Kd1 c4 52. Rxb4
Ke3 53. Kc1 c3 54. Kb1 Rxg6 55. Rc4 Rg1+ 56. Ka2 Kd2 57. b4 Kxc2 58. Rh4 Rg2
59. b5 Kd2 60. Kb3 c2 61. Rd4+ Kc1 62. Rc4 Rg3+ 63. Kb4 Kb2 64. b6 Rb3+ 65. Ka5
Ra3+ 66. Kb5 Rc3 0-1

[Event "Titled Tuesday 2024.08.27 Early"]
[Site "chess.com INT"]
[Date "2024.08.27"]
[Round "2"]
[White "Brzezina, Piotr"]
[Black "Atanasov, Anthony"]
[Result "0-1"]
[WhiteElo "2341"]
[BlackElo "2396"]
[PlyCount "64"]
[EventDate "2024.08.27"]
[EventType "swiss (blitz)"]
[EventRounds "11"]
[EventCountry "NET"]
[Source "Mark Crowther"]
[SourceDate "2024.09.02"]

1. e4 e5 2. Nf3 Nf6 3. Nxe5 d6 4. Nf3 Nxe4 5. Nc3 Nxc3 6. dxc3 Be7 7. Bf4 Nd7
8. Qd2 O-O 9. O-O-O Re8 10. h4 h6 11. Bc4 Nb6 12. Bd3 Bf8 13. Nd4 Na4 14. Nf5
Nc5 15. g4 Be6 16. Kb1 Qd7 17. Rhg1 Nxd3 18. Qxd3 Qa4 19. Nd4 Bxa2+ 20. Kc1 Bc4
21. Qf3 c5 22. Nb3 Be2 23. Qd5 Qxf4+ 24. Rd2 Bc4 25. Qxb7 Rab8 26. Qxa7 Bxb3
27. cxb3 Ra8 28. Qb7 Ra1+ 29. Kc2 Rxg1 30. Qd7 Qe4+ 31. Rd3 Qe1 32. Rd2 Qb1#
0-1

[Event "Titled Tuesday 2024.08.27 Early"]
[Site "chess.com INT"]
[Date "2024.08.27"]
[Round "3"]
[White "Atanasov, Anthony"]
[Black "Rietze, C."]
[Result "1-0"]
[WhiteElo "2396"]
[BlackElo "2372"]
[PlyCount "179"]
[EventDate "2024.08.27"]
[EventType "swiss (blitz)"]
[EventRounds "11"]
[EventCountry "NET"]
[Source "Mark Crowther"]
[SourceDate "2024.09.02"]

1. d4 d5 2. Bf4 Nf6 3. e3 e6 4. Nf3 c5 5. Nbd2 Nc6 6. c3 cxd4 7. exd4 Nh5 8.
Bg3 Bd6 9. Bd3 Nf4 10. Bxf4 Bxf4 11. O-O O-O 12. Qe2 f6 13. c4 Ne7 14. Rfe1 Kh8
15. cxd5 Nxd5 16. Ne4 b6 17. g3 Bh6 18. Nc3 Bb7 19. Qxe6 Nxc3 20. bxc3 Bxf3 21.
Qf5 g6 22. Qxf3 Rc8 23. Bc2 Qc7 24. Bb3 Qxc3 25. Qb7 Rc7 26. Qd5 f5 27. Kg2 f4
28. Qd6 f3+ 29. Kg1 Bg7 30. Rad1 Rc6 31. Qd5 Rc7 32. Re3 Qb4 33. Rxf3 a5 34.
Rxf8+ Qxf8 35. Re1 Rc8 36. Kg2 Rd8 37. Qc6 Bxd4 38. Re2 Rc8 39. Qd5 Bg7 40. Re3
Rd8 41. Qc6 Rb8 42. Rf3 Qe8 43. Qc2 Qd8 44. h4 Qe8 45. h5 Rc8 46. Qd3 Qc6 47.
Bd5 Qd6 48. Qe4 Rd8 49. Bb3 Qd4 50. Qe7 Qd7 51. Qh4 gxh5 52. Qxh5 Qd2 53. Be6
Qh6 54. Qg4 Re8 55. Bf5 Rf8 56. a4 Qd6 57. Qe4 Qh6 58. Qg4 Qd6 59. Rf4 Qh6 60.
Qf3 Qd6 61. Rh4 h6 62. Qe4 Qf6 63. Rf4 Qd6 64. Rf3 Qc7 65. Qg4 Qe5 66. Qg6 Rxf5
67. Qxf5 Qb2 68. Qc8+ Kh7 69. Qf5+ Kh8 70. Qe6 Kh7 71. Qe4+ Kh8 72. Rd3 Qf6 73.
Qa8+ Kh7 74. Qe4+ Kh8 75. Re3 Qg5 76. Qd3 Qf6 77. Re8+ Bf8 78. Qe4 Kg7 79. Re6
Qf7 80. Rxb6 Be7 81. Rb7 Bf6 82. Rxf7+ Kxf7 83. Qd5+ Kg6 84. Qxa5 Bg5 85. Qb5
h5 86. Kh3 h4 87. gxh4 Bf4 88. Kg4 Kf6 89. Kxf4 Ke7 90. Qg5+ 1-0

[Event "Titled Tuesday 2024.08.27 Early"]
[Site "chess.com INT"]
[Date "2024.08.27"]
[Round "4"]
[White "Vlassov, N."]
[Black "Atanasov, Anthony"]
[Result "1-0"]
[WhiteElo "2291"]
[BlackElo "2396"]
[PlyCount "85"]
[EventDate "2024.08.27"]
[EventType "swiss (blitz)"]
[EventRounds "11"]
[EventCountry "NET"]
[Source "Mark Crowther"]
[SourceDate "2024.09.02"]

1. e4 e5 2. Bc4 Nf6 3. d3 c6 4. Nf3 d5 5. Bb3 a5 6. Nc3 d4 7. Nxe5 dxc3 8. Nxf7
Qb6 9. Nxh8 Bc5 10. O-O Bg4 11. Qe1 cxb2 12. Bxb2 Nbd7 13. Rb1 Qc7 14. h3 Bh5
15. e5 Nd5 16. Bxd5 cxd5 17. e6 Nf6 18. Nf7 d4 19. c3 Nd5 20. cxd4 Be7 21. Qe5
Qxe5 22. dxe5 Be2 23. Rfe1 Bxd3 24. Rbd1 Nf4 25. Nd6+ Kf8 26. g3 Ne2+ 27. Kg2
Ba6 28. Rd2 a4 29. Rdxe2 a3 30. Bd4 Bxe2 31. Rxe2 Ra4 32. Bc5 Ra5 33. Rc2 g6
34. Bb4 Rxe5 35. Rc8+ Kg7 36. Ne8+ Kf8 37. Nf6+ Kg7 38. Bxe7 Rxe6 39. Nd5 Kf7
40. Rc7 Re2 41. Bxa3+ Kg8 42. Nf6+ Kh8 43. Rxh7# 1-0

[Event "Titled Tuesday 2024.08.27 Late"]
[Site "chess.com INT"]
[Date "2024.08.27"]
[Round "2"]
[White "Filipovic, SJ."]
[Black "Atanasov, Anthony"]
[Result "1/2-1/2"]
[WhiteElo "2233"]
[BlackElo "2396"]
[PlyCount "105"]
[EventDate "2024.08.27"]
[EventType "swiss (blitz)"]
[EventRounds "11"]
[EventCountry "NET"]
[Source "Mark Crowther"]
[SourceDate "2024.09.02"]

1. c4 e6 2. Nc3 d5 3. d4 Be7 4. cxd5 exd5 5. Bf4 c6 6. e3 Bf5 7. g4 Be6 8. h3
Nd7 9. Bd3 h5 10. g5 Bxg5 11. Bxg5 Qxg5 12. Nf3 Qe7 13. Qb3 O-O-O 14. a4 Ngf6
15. a5 a6 16. Ra4 Ne4 17. Rb4 Nd6 18. Na4 Kc7 19. Ke2 Rb8 20. Rc1 Bxh3 21. Nb6
Nxb6 22. axb6+ Kd8 23. Ne5 Bg4+ 24. f3 Bf5 25. Rxc6 Bxd3+ 26. Kxd3 Rh6 27. Qxd5
Ke8 28. Rc7 Qe6 29. Qxe6+ Rxe6 30. Nc4 Nxc4 31. Rbxc4 Rxb6 32. e4 Rxb2 33. d5
h4 34. d6 h3 35. Re7+ Kf8 36. Rcc7 Rg2 37. Rxf7+ Kg8 38. Rf4 h2 39. Rh4 Rg1 40.
Rxh2 Rd1+ 41. Ke3 Rxd6 42. Rg2 g6 43. e5 Re6 44. f4 b5 45. Rh2 b4 46. Rhh7 b3
47. Rhg7+ Kf8 48. Rgf7+ Ke8 49. Rh7 Kd8 50. Rhd7+ Ke8 51. Rh7 Kd8 52. Rhd7+ Ke8
53. Rh7 1/2-1/2

[Event "Titled Tuesday 2024.09.03 Early"]
[Site "chess.com INT"]
[Date "2024.09.03"]
[Round "1"]
[White "Reprintsev, A."]
[Black "Atanasov, Anthony"]
[Result "0-1"]
[WhiteElo "2230"]
[BlackElo "2392"]
[PlyCount "74"]
[EventDate "2024.09.03"]
[EventType "swiss (blitz)"]
[EventRounds "11"]
[EventCountry "NET"]
[Source "Mark Crowther"]
[SourceDate "2024.09.09"]

1. e4 e5 2. Nc3 Nf6 3. d4 exd4 4. Qxd4 Nc6 5. Qd3 Bc5 6. Bg5 Bxf2+ 7. Kxf2 Ng4+
8. Kg3 Qxg5 9. Nf3 Qg6 10. Nh4 Qh6 11. Nd5 Qd6+ 12. Nf4 Qf6 13. Nd5 Qf2+ 14.
Kh3 d6 15. Nf5 Bxf5 16. exf5 O-O-O 17. Qf3 Qxf3+ 18. gxf3 Nf2+ 19. Kg2 Nxh1 20.
Kxh1 Nd4 21. f6 gxf6 22. Bd3 c6 23. Nxf6 Nxf3 24. a4 Ne5 25. Bf5+ Kc7 26. b3 h5
27. h4 d5 28. Rf1 Rd6 29. Bh3 Ng4 30. Bxg4 hxg4 31. h5 Kd8 32. Kg2 Rh6 33. Nxg4
Rxh5 34. Rf4 Rg6 35. Kf3 Rh3+ 36. Kg2 Rh4 37. Kg3 Rhxg4+ 0-1